000 00490cam a2200205ua 4500
001 2594
005 20260515113531.0
008 110829n ii |||gr||||Z||||||asm
040 _cMAIN
082 _a491.451
100 1 _aNeog, Maheswar,
_eAuthor.
245 1 1 _aAsamiya bhasa
_cby Maheswar Neog
250 _a2nd.
260 _aJorhat:
_bAsam sahitya sabha,968.
300 _a50p:
_c23cm.
653 _aLanguage
653 _aAssamese language
653 _aAsamiya bhasa
942 _cBK
999 _c2445
_d2445